Statistics for Most Taken JetPunk Quizzes

Click here to take the quiz!

General Stats

  • This quiz has been taken 25 times
  • The average score is 4 of 10

Answer Stats

TakesHintAnswer% Correct
14.7m.Most people's first quizCountries of the World Quiz
95%
5.9m.Americans will get 100%US States Quiz
91%
2.3m.Every country has oneWorld Capitals Quiz
64%
1.5m.George Washington was oneU.S. Presidents Quiz
55%
1.7m.The 2nd quiz with less timeFifty States in One Minute
27%
2.4m.Starts with FranceEurope Map Quiz
23%
2.8m.Different version of the aboveUnited States Map Quiz
23%
2.1m.Will test your __ing skillsFast Typing 1 to 100
14%
1.9m.Different version of the 1st quizCountries by First Two Letters in 90 Seconds
5%
1.7m.Different version of the 6th quizFast Typing A to Z
5%

Score Distribution

Percentile by Number Answered

Percent of People with Each Score

Your Score History

You have not taken this quiz